Sports Quiz

Random Sports or Auto Racing Quiz

NASCAR Most Sprint Cup Starts Quiz Stats

 Plays Quiz Updated May 30, 2018

Also try: NASCAR Champions
Challenge
Share
Tweet
Embed
Score 0/20 Timer 07:00
0 Plays Today
Starts Driver % Correct
1,185Richard Petty
88.8%
676Dale Earnhardt
88.7%
797Jeff Gordon
85.9%
829Kyle Petty
85.7%
809Darrell Waltrip
65.5%
783Michael Waltrip
65.4%
706Rusty Wallace
58.4%
890Terry Labonte
58.1%
882Mark Martin
57.9%
718Bobby Allison
55.3%
Starts Driver % Correct
729Bobby Labonte
54%
668Dale Jarrett
50.7%
828Bill Elliott
47.3%
906Ricky Rudd
45.4%
748Sterling Marlin
34%
700Buddy Baker
29.5%
695Jeff Burton
28.9%
763Ken Schrader
23%
883Dave Marcis
22.9%
667Joe Nemechek
14.6%

You're not logged in!

Compare scores with friends on all Sporcle quizzes.
OR
Log In

You Might Also Like...

Show Comments

Extras

Top Quizzes Today


Score Distribution

Your Account Isn't Verified!

In order to create a playlist on Sporcle, you need to verify the email address you used during registration. Go to your Sporcle Settings to finish the process.

Report this User

Report this user for behavior that violates our Community Guidelines.

Details: